[Event "FRA Team Ch"]
[Site "Bischwiller"]
[Date "2001.02.02"]
[Round "1.6"]
[White "Roos, Jean-Luc"]
[Black "Arkell, Keith C"]
[Result "1/2-1/2"]
[WhiteElo "2264"]
[BlackElo "2442"]
[Annotator "Strasbourg-Nancy"]
[PlyCount "123"]
[EventDate "2001.02.04"]

1. d4 e6 2. c4 Bb4+ 3. Bd2 a5 4. Nf3 Nf6 5. e3 d6 6. Be2 Qe7 7. O-O Bxd2 8.
Nfxd2 e5 9. Nc3 O-O 10. Bf3 c6 11. Qc2 g6 12. Rfe1 Bf5 13. e4 Bd7 14. c5 dxc5
15. dxe5 Qxe5 16. Na4 Na6 17. Nb6 Nb4 18. Qb1 Rad8 19. a3 Na6 20. Ndc4 Qc7 21.
Qc1 Be6 22. Qc3 Rd4 23. e5 Nd7 24. Nxd7 Qxd7 25. Nd6 f6 26. Ne4 fxe5 27. Nxc5
Nxc5 28. Qxc5 Rxf3 29. gxf3 Bd5 30. Rxe5 Bxf3 31. Re8+ Qxe8 32. Qxd4 Qe7 33.
Qe3 Qf8 34. Re1 Qf5 35. Qe8+ Kg7 36. Qe7+ Kh6 37. Qh4+ Kg7 38. h3 g5 39. Qd4+
Kh6 40. Qd6+ Kh5 41. Qe6 Qf4 42. Re3 Bd5 43. Qe8+ Kh4 44. Qh8 Qf5 45. Qd4+ Kh5
46. Qd1+ Kh6 47. Kf1 a4 48. Ke1 b5 49. Qc1 Kh5 50. Qd1+ Kh6 51. Kf1 Bc4+ 52.
Kg1 Bd5 53. Qc1 Kh5 54. Rg3 Bf3 55. Kh2 Bd5 56. Qe3 Qf6 57. Qe2+ Kh6 58. Qd2
Kh5 59. Qe3 h6 60. Qe2+ Kg6 61. Qe8+ Kg7 62. Qe2 1/2-1/2

[Event "FRA Team Ch"]
[Site "Bischwiller"]
[Date "2001.02.02"]
[Round "1.7"]
[White "Nezar, Mustapha"]
[Black "Mensch, Etienne"]
[Result "1-0"]
[WhiteElo "2292"]
[BlackElo "2313"]
[Annotator "Nancy-Strasbourg"]
[PlyCount "151"]
[EventDate "2001.02.04"]

1. d4 Nf6 2. c4 c5 3. Nf3 cxd4 4. Nxd4 Nc6 5. Nc3 g6 6. Nc2 Bg7 7. g3 O-O 8.
Bg2 d6 9. O-O Be6 10. b3 Qd7 11. e4 Bh3 12. Qe2 Bxg2 13. Kxg2 b6 14. Bb2 Qb7
15. Rfd1 Nd7 16. Rab1 Rfd8 17. f3 a6 18. Ne3 b5 19. Ncd5 Bxb2 20. Qxb2 e6 21.
Nf6+ Nxf6 22. Qxf6 Qe7 23. Qc3 b4 24. Qb2 h5 25. Rd2 Qa7 26. Re1 a5 27. g4 Ne5
28. gxh5 gxh5 29. f4 Ng6 30. Qf6 Qe7 31. Qxe7 Nxe7 32. Red1 a4 33. e5 axb3 34.
axb3 d5 35. cxd5 Nxd5 36. Nxd5 exd5 37. Rxd5 Rxd5 38. Rxd5 Ra2+ 39. Kg3 Rb2 40.
Rd3 Kg7 41. f5 Re2 42. Rd5 Kh6 43. h4 Re4 44. Kf3 Rxh4 45. e6 fxe6 46. fxe6 Kg7
47. Rf5 Rh1 48. Ke4 h4 49. Kd5 Rd1+ 50. Kc5 Re1 51. Kd6 Rd1+ 52. Kc7 h3 53.
Rf7+ Kg6 54. Rf2 h2 55. Rxh2 Kf6 56. Re2 Ke7 57. Re4 Rb1 58. Rxb4 Kxe6 59. Kc6
Rb2 60. Re4+ Kf5 61. Re3 Kf4 62. Rc3 Ke5 63. Kc5 Ke6 64. b4 Kd7 65. Kb5 Rh2 66.
Ka5 Rh8 67. b5 Rh1 68. Ka6 Rb1 69. b6 Rb2 70. Kb7 Kd6 71. Ka7 Ra2+ 72. Kb8 Ra1
73. b7 Rh1 74. Ra3 Rh8+ 75. Ka7 Rh7 76. Ka8 1-0

[Event "FRA Team Ch"]
[Site "Bischwiller"]
[Date "2001.02.02"]
[Round "1.8"]
[White "Werner, Clemens"]
[Black "Spielmann, Alain"]
[Result "1-0"]
[WhiteElo "2347"]
[BlackElo "2294"]
[Annotator "Strasbourg-Nancy"]
[PlyCount "63"]
[EventDate "2001.02.04"]

1. e4 c6 2. d4 d5 3. Nd2 dxe4 4. Nxe4 Bf5 5. Nc5 b6 6. Nb3 Nf6 7. Bd3 Bxd3 8.
Qxd3 Qd5 9. Nf3 Qe4+ 10. Qxe4 Nxe4 11. O-O Nd7 12. Re1 Nef6 13. Bg5 e6 14. Rad1
Be7 15. c4 O-O 16. Ne5 Bb4 17. Re3 Rac8 18. Bxf6 Nxf6 19. c5 Rfd8 20. Red3 Nd5
21. a3 Ba5 22. g3 Rc7 23. Nc4 Rb8 24. Nc1 bxc5 25. dxc5 Rb5 26. b4 Bxb4 27.
axb4 Rxb4 28. Nd6 a5 29. Ra3 Ra7 30. Nd3 Rd4 31. Rda1 f6 32. Rxa5 1-0

[Event "FRA Team Ch"]
[Site "Bordeaux"]
[Date "2001.03.29"]
[Round "1.1"]
[White "Fressinet, Laurent"]
[Black "Komarov, Dimitri"]
[Result "1/2-1/2"]
[WhiteElo "2581"]
[BlackElo "2540"]
[Annotator "Montpellier-Drancy"]
[PlyCount "31"]
[EventDate "2001.??.??"]

1. e4 e6 2. d4 d5 3. Nc3 Nf6 4. Bg5 dxe4 5. Nxe4 Nbd7 6. Nf3 Be7 7. Nxf6+ Bxf6
8. h4 c5 9. Bd3 cxd4 10. Qe2 Qa5+ 11. Bd2 Qb6 12. O-O-O Nc5 13. Bg5 Bd7 14.
Bxf6 gxf6 15. Nxd4 O-O-O 16. Bc4 1/2-1/2

[Event "FRA Team Ch"]
[Site "Bordeaux"]
[Date "2001.03.29"]
[Round "1.2"]
[White "Legky, Nikolay A"]
[Black "Hamdouchi, Hichem"]
[Result "1/2-1/2"]
[WhiteElo "2477"]
[BlackElo "2535"]
[Annotator "Drancy-Montpellier"]
[PlyCount "75"]
[EventDate "2001.??.??"]

1. d4 Nf6 2. c4 c5 3. d5 e5 4. Nc3 d6 5. e4 Be7 6. Nf3 Nbd7 7. h3 Nf8 8. Bd3 h6
9. a3 g5 10. b4 b6 11. bxc5 bxc5 12. Rb1 Ng6 13. g3 Kf8 14. h4 gxh4 15. Nxh4
Nxh4 16. Rxh4 h5 17. Be2 Ng4 18. Bxg4 Bxh4 19. Bxc8 Rxc8 20. gxh4 Qxh4 21. Qf3
Kg7 22. Rb7 Qf6 23. Qg3+ Qg6 24. Qxg6+ Kxg6 25. Kf1 Rb8 26. Rxa7 h4 27. Kg2 Kf6
28. Kh2 Rbg8 29. Ne2 Rg4 30. Be3 Rxe4 31. Rd7 Rxc4 32. Rxd6+ Kf5 33. Rc6 Ke4
34. Rxc5 Rxc5 35. Bxc5 Kxd5 36. Be3 Ra8 37. a4 Kc4 38. Ng1 1/2-1/2

[Event "FRA Team Ch"]
[Site "Bordeaux"]
[Date "2001.03.29"]
[Round "1.3"]
[White "Flear, Glenn C"]
[Black "Giffard, Nicolas"]
[Result "1-0"]
[WhiteElo "2476"]
[BlackElo "2393"]
[Annotator "Montpellier-Drancy"]
[PlyCount "85"]
[EventDate "2001.??.??"]

1. d4 Nf6 2. c4 e6 3. Nf3 b6 4. e3 Bb7 5. Bd3 Be7 6. O-O O-O 7. Nc3 d5 8. b3 c5
9. Bb2 cxd4 10. exd4 Nc6 11. Rc1 Nb4 12. Bb1 Rc8 13. a3 Nc6 14. Qd3 Na5 15. Ba2
Ne4 16. Rfd1 Nxc3 17. Rxc3 Ba6 18. Qc2 b5 19. c5 Nc6 20. Bb1 g6 21. Qd2 Bf6 22.
b4 Rb8 23. Rcc1 Bc8 24. Bc3 Qc7 25. Re1 Rd8 26. h4 Bd7 27. h5 Be8 28. g3 a5 29.
Kg2 axb4 30. axb4 Bg7 31. hxg6 hxg6 32. Qe3 Rd7 33. Rcd1 Re7 34. Bd3 f6 35. Nh4
e5 36. Nxg6 Bxg6 37. Bxg6 exd4 38. Qf3 dxc3 39. Qxd5+ Kf8 40. Rxe7 Qxe7 41.
Qxc6 Rd8 42. Rxd8+ Qxd8 43. Qe6 1-0

[Event "FRA Team Ch"]
[Site "Bordeaux"]
[Date "2001.03.29"]
[Round "1.6"]
[White "Zangrilli, David"]
[Black "Santo-Roman, Marc"]
[Result "0-1"]
[WhiteElo "2191"]
[BlackElo "2416"]
[Annotator "Drancy-Montpellier"]
[PlyCount "76"]
[EventDate "2001.??.??"]

1. e4 c5 2. c4 Nc6 3. Nc3 g6 4. g3 Bg7 5. Bg2 e6 6. Nge2 Nge7 7. O-O O-O 8. d3
d6 9. Be3 Nd4 10. Qd2 Re8 11. Nb5 Nxe2+ 12. Qxe2 a6 13. Nc3 Rb8 14. Qd2 Nc6 15.
Ne2 b5 16. Rab1 Qa5 17. Qxa5 Nxa5 18. b3 Nc6 19. Rfd1 e5 20. Nc3 Be6 21. Nd5
Rb7 22. f4 Reb8 23. Rd2 bxc4 24. dxc4 a5 25. f5 gxf5 26. exf5 Bxf5 27. Rf1 Be6
28. Nf6+ Bxf6 29. Rxf6 Rb6 30. Rxd6 Nd4 31. Rxb6 Rxb6 32. Be4 Kg7 33. Rf2 a4
34. bxa4 Ra6 35. g4 Bxc4 36. Bg5 f6 37. Bh4 Ne2+ 38. Kg2 Nf4+ 0-1

[Event "FRA Team Ch"]
[Site "Bordeaux"]
[Date "2001.03.29"]
[Round "1.7"]
[White "Touzane, Olivier"]
[Black "Buchy, Daniel"]
[Result "0-1"]
[WhiteElo "2388"]
[BlackElo "2185"]
[Annotator "Montpellier-Drancy"]
[PlyCount "60"]
[EventDate "2001.??.??"]

1. d4 d5 2. c4 e6 3. Nc3 f5 4. g4 fxg4 5. h3 g3 6. fxg3 Bd6 7. Qd3 dxc4 8. Qf3
Qf6 9. Bf4 Nc6 10. O-O-O Nxd4 11. Qe4 e5 12. Rxd4 Ne7 13. Rxc4 exf4 14. gxf4
O-O 15. e3 Be6 16. Nf3 Bxc4 17. Ng5 Nf5 18. Bxc4+ Kh8 19. Qc2 Rae8 20. Kb1 Rxe3
21. Nd5 Qg6 22. h4 Ree8 23. Bd3 c6 24. h5 Qh6 25. Bxf5 cxd5 26. Qa4 Re7 27.
Nxh7 Rxf5 28. Rc1 Kxh7 29. Qc2 Qxf4 30. Ka1 Rc7 0-1

[Event "FRA Team Ch"]
[Site "Bordeaux"]
[Date "2001.03.29"]
[Round "1.8"]
[White "Dewitte, Catherine"]
[Black "Letreguilly, Olivier"]
[Result "0-1"]
[WhiteElo "2016"]
[BlackElo "2301"]
[Annotator "Drancy-Montpellier"]
[PlyCount "84"]
[EventDate "2001.??.??"]

1. d4 e6 2. Nf3 Nf6 3. Bg5 c5 4. c3 d5 5. c4 cxd4 6. cxd5 Qa5+ 7. Bd2 Qxd5 8.
Qb3 Nc6 9. Na3 Bd7 10. g3 Be7 11. Bg2 O-O 12. O-O Qxb3 13. axb3 Ne4 14. Rfd1
Nxd2 15. Rxd2 e5 16. Nc4 f6 17. e3 Bc5 18. exd4 exd4 19. Ne1 Be6 20. Nd3 Bb6
21. Nf4 Bf7 22. Nd5 Rad8 23. Ndxb6 axb6 24. Nxb6 Bxb3 25. Ra3 Bf7 26. Ra4 Rd6
27. h4 Ne5 28. Rb4 Rxb6 29. Rxb6 Nc4 30. Rxd4 Nxb6 31. Rb4 Nd7 32. Rxb7 Be6 33.
h5 Rb8 34. Rxb8+ Nxb8 35. Kf1 Bg4 36. h6 gxh6 37. Ke1 Kf7 38. Kd2 Ke6 39. Ke3
Ke5 40. Bf1 Nc6 41. Bd3 Bf5 42. Bb5 Nb4 0-1

[Event "FRA Team Ch"]
[Site "Bordeaux"]
[Date "2001.03.29"]
[Round "1.9"]
[White "Milliet, Sophie"]
[Black "Camacho, Xavier"]
[Result "1-0"]
[WhiteElo "2157"]
[BlackElo "1820"]
[Annotator "Montpellier-Drancy"]
[PlyCount "79"]
[EventDate "2001.??.??"]

1. e4 e6 2. d4 d5 3. e5 c5 4. c3 Nc6 5. Nf3 Qb6 6. a3 Bd7 7. b4 cxd4 8. cxd4
Nge7 9. Nc3 Nf5 10. Na4 Qc7 11. Bb2 a6 12. Rc1 Be7 13. Bd3 Nh4 14. Nxh4 Bxh4
15. Qg4 Qd8 16. Qxg7 Rf8 17. Nc5 Qg5 18. Qxg5 Bxg5 19. Rc2 Rb8 20. h4 Be7 21.
g4 h6 22. Re2 Rg8 23. f3 Na7 24. Bc1 Rh8 25. Nxd7 Kxd7 26. f4 Nc6 27. Bb2 Rhg8
28. g5 hxg5 29. fxg5 Rh8 30. Rg2 Rbg8 31. Rgg1 Bd8 32. b5 axb5 33. Bxb5 Bb6 34.
Ke2 Bd8 35. Kd3 Be7 36. Bc1 Rh5 37. Rg4 Ra8 38. Rf1 Rf8 39. a4 Rfh8 40. Rgf4
1-0

[Event "FRA Team Ch"]
[Site "Bordeaux"]
[Date "2001.03.29"]
[Round "1.1"]
[White "Vaisser, Anatoly"]
[Black "Spraggett, Kevin"]
[Result "1/2-1/2"]
[WhiteElo "2540"]
[BlackElo "2526"]
[Annotator "Auxerre-Bordeaux-Echecs"]
[PlyCount "36"]
[EventDate "2001.??.??"]

1. d4 f5 2. Bg5 g6 3. e3 Bg7 4. g4 fxg4 5. Qxg4 c5 6. Nc3 Qa5 7. Nge2 Nc6 8.
O-O-O d6 9. Qg3 cxd4 10. Nxd4 Bd7 11. Nb3 Qf5 12. e4 Qg4 13. Be2 Qxg3 14. hxg3
h6 15. Be3 Nf6 16. f3 Rc8 17. g4 g5 18. Nd4 a6 1/2-1/2

[Event "FRA Team Ch"]
[Site "Bordeaux"]
[Date "2001.03.29"]
[Round "1.2"]
[White "Rainfray, Arnaud"]
[Black "Solozhenkin, Evgeniy"]
[Result "1/2-1/2"]
[WhiteElo "2390"]
[BlackElo "2506"]
[Annotator "Bordeaux-Echecs-Auxerre"]
[PlyCount "60"]
[EventDate "2001.??.??"]

1. e4 c6 2. d4 d5 3. exd5 cxd5 4. c4 Nf6 5. Nc3 e6 6. Nf3 Be7 7. cxd5 Nxd5 8.
Bd3 Nc6 9. O-O O-O 10. a3 Nf6 11. Bc2 b6 12. Qd3 Bb7 13. Re1 g6 14. Bh6 Re8 15.
Rad1 Rc8 16. Bb3 Na5 17. Ba2 Nd5 18. Ne4 Nf6 19. Nc3 Nd5 20. Ne5 Bf6 21. Ne4
Bg7 22. Qh3 f6 23. Bxg7 Kxg7 24. Nf7 Kxf7 25. Qxh7+ Kf8 26. b4 Qe7 27. Qh8+ Kf7
28. Qh7+ Kf8 29. Qh6+ Kf7 30. Qh7+ Kf8 1/2-1/2

[Event "FRA Team Ch"]
[Site "Bordeaux"]
[Date "2001.03.29"]
[Round "1.3"]
[White "Cramling, Pia"]
[Black "Badea, Bela"]
[Result "1/2-1/2"]
[WhiteElo "2492"]
[BlackElo "2460"]
[Annotator "Auxerre-Bordeaux-Echecs"]
[PlyCount "57"]
[EventDate "2001.??.??"]

1. d4 g6 2. c4 Bg7 3. e4 d6 4. Nc3 Nd7 5. Nf3 e5 6. Be2 f6 7. Qc2 Nh6 8. h4 O-O
9. h5 g5 10. d5 a5 11. Bd2 Nc5 12. Rd1 b6 13. b3 Bd7 14. Qc1 Nf7 15. Be3 h6 16.
Nd2 f5 17. exf5 Bxf5 18. Bxc5 dxc5 19. Nde4 Nd6 20. Bd3 Qd7 21. Nxd6 cxd6 22.
Ne4 Qe7 23. a4 Rf7 24. Rd2 Raf8 25. Re2 Bg4 26. Re3 Bf5 27. Re2 Bg4 28. Re3 Bf5
29. Re2 1/2-1/2

[Event "FRA Team Ch"]
[Site "Bordeaux"]
[Date "2001.03.29"]
[Round "1.5"]
[White "Pira, Davoud"]
[Black "Beudaert, Xavier"]
[Result "1-0"]
[WhiteElo "2449"]
[BlackElo "2235"]
[Annotator "Auxerre-Bordeaux-Echecs"]
[PlyCount "91"]
[EventDate "2001.??.??"]

1. d4 Nf6 2. Nf3 e6 3. Bg5 c5 4. e3 Be7 5. Bd3 b6 6. dxc5 bxc5 7. c4 Bb7 8. Nc3
O-O 9. O-O d6 10. Qe2 Nbd7 11. Rad1 Qc7 12. Bc2 Rfd8 13. Rd2 a6 14. Rfd1 Rab8
15. Bf4 Nf8 16. Ng5 Ng6 17. Bg3 Bc6 18. b3 Ba8 19. Nge4 Nxe4 20. Nxe4 Rb6 21.
Qh5 Qc6 22. f3 e5 23. Nc3 Rbb8 24. Nd5 Bf8 25. f4 exf4 26. exf4 Re8 27. h4 Qc8
28. Bf5 Qd8 29. Qg4 Bxd5 30. Rxd5 Ne7 31. Rxd6 Qxd6 32. Rxd6 Nxf5 33. Rxa6 Ne3
34. Qf3 Rbd8 35. Bf2 Rd1+ 36. Kh2 Nf1+ 37. Kh3 Red8 38. Ra8 R8d3 39. Bxc5 h5
40. Rxf8+ Kh7 41. Re8 Rxf3+ 42. gxf3 Rd2 43. Bg1 Rxa2 44. Re1 Nd2 45. Re2 Rb2
46. Bd4 1-0

[Event "FRA Team Ch"]
[Site "Bordeaux"]
[Date "2001.03.29"]
[Round "1.6"]
[White "Cornette, Matthieu"]
[Black "Boudre, Jean-Pierre"]
[Result "1-0"]
[WhiteElo "2202"]
[BlackElo "2355"]
[Annotator "Bordeaux-Echecs-Auxerre"]
[PlyCount "139"]
[EventDate "2001.??.??"]

1. e4 e5 2. Nc3 Nf6 3. Bc4 Nc6 4. d3 Na5 5. Nge2 c6 6. a3 Nxc4 7. dxc4 a5 8.
O-O Bc5 9. Qd3 a4 10. Be3 Qb6 11. Bxc5 Qxc5 12. Rfd1 O-O 13. Ng3 g6 14. Nf1 Ne8
15. Ne3 d6 16. b4 axb3 17. cxb3 Be6 18. b4 Qa7 19. a4 f5 20. a5 f4 21. Nc2 Nf6
22. b5 Rfd8 23. a6 c5 24. Rdb1 b6 25. Rd1 g5 26. Na3 Kf7 27. Qc2 Qe7 28. Rd2
Ra7 29. Rad1 Qf8 30. Na4 g4 31. Nxb6 Qh6 32. Rxd6 Rxd6 33. Rxd6 g3 34. h3 gxf2+
35. Kxf2 Qh4+ 36. Kf1 f3 37. gxf3 Bxh3+ 38. Ke2 Bg2 39. Qd1 Qh2 40. Kd3 Qf4 41.
Rxf6+ Qxf6 42. Nd5 Bxf3 43. Qe1 Qg6 44. Nc2 Qg2 45. b6 Rxa6 46. Qh4 Be2+ 47.
Kc3 Qf3+ 48. Kb2 Kg6 49. Ne7+ Kf7 50. Qxh7+ Ke8 51. Nd5 Ra2+ 52. Kxa2 Bxc4+ 53.
Ka1 Bxd5 54. exd5 Qc3+ 55. Kb1 Qb3+ 56. Kc1 Qxb6 57. Qh8+ Kd7 58. Qg7+ Kd8 59.
Qxe5 Qh6+ 60. Ne3 Kd7 61. Kd2 Qa6 62. Qg7+ Ke8 63. Qc3 Qa2+ 64. Kd3 Qa6+ 65.
Qc4 Qa3+ 66. Ke4 Ke7 67. Qb5 Qc3 68. Nf5+ Kf8 69. Qb8+ Kf7 70. Qc7+ 1-0

[Event "FRA Team Ch"]
[Site "Bordeaux"]
[Date "2001.03.29"]
[Round "1.7"]
[White "Fayard, Alain"]
[Black "Pujos, Stephane"]
[Result "1-0"]
[WhiteElo "2259"]
[BlackElo "2269"]
[Annotator "Auxerre-Bordeaux-Echecs"]
[PlyCount "79"]
[EventDate "2001.??.??"]

1. f4 g6 2. Nf3 Bg7 3. e4 d6 4. Nc3 Nf6 5. g3 O-O 6. Bg2 c5 7. O-O Nc6 8. d3
Rb8 9. h3 b5 10. g4 b4 11. Ne2 Nd7 12. Qe1 e6 13. f5 Nce5 14. Nxe5 Nxe5 15. Qf2
exf5 16. gxf5 Re8 17. f6 Bf8 18. Qh4 Re6 19. Bg5 h6 20. Bxh6 Bxh6 21. Qxh6 Rxf6
22. Nf4 Qf8 23. Qg5 Qg7 24. Rf2 Nd7 25. Raf1 Qh8 26. Rf3 Ne5 27. Rg3 Be6 28. h4
Kf8 29. c3 bxc3 30. bxc3 Ke8 31. h5 Rb2 32. h6 Rd2 33. Nxe6 Rxg2+ 34. Kxg2 Rxe6
35. d4 f6 36. Qf4 cxd4 37. cxd4 Nc4 38. Rxg6 Ke7 39. Rg7+ Ke8 40. Rh1 1-0

[Event "FRA Team Ch"]
[Site "Bordeaux"]
[Date "2001.03.29"]
[Round "1.8"]
[White "Crut, Aurelien"]
[Black "Nicoara, Malina"]
[Result "1-0"]
[WhiteElo "2303"]
[BlackElo "2258"]
[Annotator "Bordeaux-Echecs-Auxerre"]
[PlyCount "101"]
[EventDate "2001.??.??"]

1. e4 c5 2. Nf3 Nc6 3. Bb5 d6 4. d4 cxd4 5. Qxd4 Bd7 6. Bxc6 Bxc6 7. Nc3 Nf6 8.
Bg5 Qa5 9. O-O-O Nd7 10. Kb1 Rc8 11. Rhe1 e5 12. Qd2 b5 13. Nd5 Qa4 14. b3 Qa6
15. Nh4 h6 16. Be3 Bxd5 17. Qxd5 Nf6 18. Qd3 Qc6 19. Bc1 g6 20. f4 Nd7 21. Nf3
a5 22. Re2 a4 23. Bb2 f6 24. Qd5 Qxd5 25. Rxd5 axb3 26. axb3 Rc5 27. Red2 Rxd5
28. Rxd5 Nc5 29. fxe5 fxe5 30. b4 Nxe4 31. Rxb5 Bg7 32. Rb7 O-O 33. Ka2 Rc8 34.
Kb3 g5 35. h3 h5 36. Bc1 g4 37. hxg4 hxg4 38. Nd2 Nxd2+ 39. Bxd2 d5 40. b5 d4
41. b6 e4 42. Rc7 Re8 43. b7 Be5 44. Rc8 Kf7 45. Kc4 e3 46. Be1 g3 47. Kd5 Re7
48. b8=Q Bxb8 49. Rxb8 Rc7 50. Rb2 e2 51. Kxd4 1-0

[Event "FRA Team Ch"]
[Site "Noyon"]
[Date "2001.02.03"]
[Round "2.4"]
[White "Rausis, Igor"]
[Black "Marcelin, Cyril"]
[Result "1/2-1/2"]
[WhiteElo "2525"]
[BlackElo "2424"]
[Annotator "Gonfreville-Noyon"]
[PlyCount "245"]
[EventDate "2001.02.??"]

1. d4 d5 2. Nf3 c6 3. c4 e6 4. Qc2 dxc4 5. Qxc4 Nf6 6. Bg5 b5 7. Qc2 Bb7 8. e3
Nbd7 9. Bd3 a6 10. Nbd2 c5 11. Bxf6 gxf6 12. Be4 Bxe4 13. Nxe4 cxd4 14. Nxd4
Rc8 15. Qd2 Nc5 16. Nxc5 Bxc5 17. Nb3 Qxd2+ 18. Kxd2 Bb4+ 19. Kd3 Ke7 20. Rhc1
Rhd8+ 21. Ke2 f5 22. f4 Ke8 23. Rxc8 Rxc8 24. Rc1 Rxc1 25. Nxc1 Kd7 26. Nd3 Bd6
27. Kf3 Ke7 28. h3 h5 29. g3 f6 30. e4 Bc7 31. exf5 exf5 32. Nb4 Bd6 33. Nc6+
Ke6 34. Nd4+ Kd5 35. Nxf5 Bf8 36. Ke3 Kc4 37. Kd2 a5 38. Kc2 a4 39. b3+ Kb4 40.
Kb2 axb3 41. axb3 Kc5 42. Kc3 Kd5 43. Kd3 Kc5 44. g4 hxg4 45. hxg4 Kd5 46. Ne3+
Kc5 47. g5 fxg5 48. fxg5 Kd6 49. Kd4 Ke6 50. Ke4 Kf7 51. Nd5 Ba3 52. Kf5 Bb2
53. Nc7 b4 54. Nd5 Bc3 55. Nf4 Bb2 56. Kg4 Kg7 57. Kh5 Bc3 58. Ne6+ Kf7 59. Nc5
Kg7 60. Ne4 Bb2 61. Nd6 Bc3 62. Nf5+ Kh7 63. g6+ Kg8 64. Kg5 Bd2+ 65. Kf6 Bc3+
66. Ke6 Bb2 67. Ne3 Kg7 68. Kf5 Bc3 69. Nd5 Bd2 70. Nf4 Bc3 71. Ne6+ Kg8 72.
Kg5 Bd2+ 73. Kf6 Bc3+ 74. Kf5 Bb2 75. Ke4 Bc3 76. Kd3 Be1 77. Kd4 Bd2 78. Ke4
Be1 79. Kd3 Bc3 80. Nf4 Kg7 81. Ke4 Bd2 82. Kf5 Bc3 83. Nd5 Bd2 84. Nf6 Bc3 85.
Ne4 Bb2 86. Kg5 Bc3 87. Kh5 Bb2 88. Ng3 Bc3 89. Nf5+ Kg8 90. Kg5 Bd2+ 91. Kg4
Bc3 92. Kf4 Bd2+ 93. Ke5 Bc3+ 94. Ke4 Bb2 95. Ke3 Bc3 96. Kd3 Be1 97. Kd4 Bc3+
98. Kc4 Bd2 99. Kd3 Be1 100. Ke2 Bc3 101. Ke3 Be1 102. Ke4 Bc3 103. Ne3 Kg7
104. Nd5 Be1 105. Nf4 Bd2 106. Kf5 Bc3 107. Nh5+ Kh6 108. g7 Kh7 109. Ke6 Kg8
110. Ke7 Bb2 111. Kd6 Kf7 112. Kd5 Bc3 113. Ke4 Bd2 114. Kd3 Be1 115. Ke4 Bd2
116. Kf5 Bc3 117. Kf4 Bd2+ 118. Ke5 Be1 119. Kd5 Bc3 120. Kc4 Bd2 121. Kd3 Be1
122. Ke2 Bc3 123. Kd3 1/2-1/2

[Event "FRA Team Ch"]
[Site "Noyon"]
[Date "2001.02.03"]
[Round "2.5"]
[White "Peyrat, Olivier"]
[Black "Gouret, Thierry"]
[Result "1/2-1/2"]
[WhiteElo "2373"]
[BlackElo "2322"]
[Annotator "Noyon-Gonfreville"]
[PlyCount "65"]
[EventDate "2001.02.??"]

1. c4 e5 2. g3 Nf6 3. Bg2 Nc6 4. Nc3 Bc5 5. a3 a6 6. e3 d6 7. Nge2 O-O 8. O-O
Ba7 9. h3 Be6 10. Nd5 Bd7 11. Kh2 Nxd5 12. cxd5 Ne7 13. d4 c6 14. dxc6 Bxc6 15.
d5 Bb5 16. Re1 Qb6 17. b3 Rac8 18. Ra2 Rc7 19. Rd2 Rcc8 20. Bb2 Qd8 21. Nc3 Bd7
22. Ne4 Bf5 23. g4 Bxe4 24. Bxe4 Ng6 25. Rg1 Rc7 26. Re2 Qh4 27. Qd3 h6 28. Rg3
Qg5 29. Rg1 Qh4 30. Kg2 Qg5 31. Kh2 Qh4 32. Rg2 Qg5 33. Rg1 1/2-1/2

[Event "FRA Team Ch"]
[Site "Noyon"]
[Date "2001.02.03"]
[Round "2.8"]
[White "Depyl, Pascal"]
[Black "Chevallier, Didier"]
[Result "0-1"]
[WhiteElo "2172"]
[BlackElo "2317"]
[Annotator "Gonfreville-Noyon"]
[PlyCount "80"]
[EventDate "2001.02.??"]

1. d4 d5 2. Bg5 Nd7 3. Nf3 Ngf6 4. Nbd2 e6 5. e3 c5 6. c3 Qb6 7. Rb1 Bd6 8. Bd3
e5 9. dxe5 Nxe5 10. Nxe5 Bxe5 11. Nf3 Bc7 12. Bxf6 gxf6 13. Qc2 h5 14. Bf5 Bxf5
15. Qxf5 Qe6 16. Qc2 O-O-O 17. b4 Qe4 18. Qxe4 dxe4 19. Nd2 f5 20. Nb3 Be5 21.
bxc5 Bxc3+ 22. Ke2 Rd3 23. Rhc1 h4 24. g3 Kc7 25. Rc2 Rhd8 26. Rbc1 Be5 27. Rc4
Rh8 28. f4 hxg3 29. fxe5 Rxh2+ 30. Kf1 Rxe3 31. Nd4 f4 32. c6 Rh1+ 33. Kg2 Rxc1
34. Rxc1 bxc6 35. Rxc6+ Kb7 36. Rf6 Rd3 37. Rxf7+ Kc8 38. Ne6 Rd2+ 39. Kg1 f3
40. Rf8+ Kb7 0-1

[Event "FRA Team Ch"]
[Site "Noyon"]
[Date "2001.02.03"]
[Round "2.9"]
[White "Wolfangel, Florence"]
[Black "Gervais, Claire"]
[Result "1/2-1/2"]
[WhiteElo "1870"]
[BlackElo "2170"]
[Annotator "Noyon-Gonfreville"]
[PlyCount "40"]
[EventDate "2001.02.??"]

1. d4 Nf6 2. c4 e6 3. Nc3 Bb4 4. e3 O-O 5. Nge2 b6 6. a3 Be7 7. Nf4 Bb7 8. Qc2
d6 9. Bd3 Nbd7 10. O-O Re8 11. b4 a6 12. Bb2 Bf8 13. Ne4 h6 14. Rfd1 Ra7 15.
Nxf6+ Nxf6 16. c5 Qa8 17. cxb6 cxb6 18. f3 a5 19. bxa5 Rxa5 20. Bc3 Ra7 1/2-1/2

[Event "FRA Team Ch"]
[Site "Noyon"]
[Date "2001.02.03"]
[Round "2.1"]
[White "Chuchelov, Vladimir"]
[Black "Magem Badals, Jordi"]
[Result "1-0"]
[WhiteElo "2539"]
[BlackElo "2628"]
[Annotator "Cappelle-Clichy"]
[PlyCount "91"]
[EventDate "2001.02.??"]

1. c4 c5 2. Nf3 g6 3. d4 cxd4 4. Nxd4 Nc6 5. e4 Nf6 6. Nc3 d6 7. Be2 Nxd4 8.
Qxd4 Bg7 9. Bg5 O-O 10. Qd2 Be6 11. Rc1 Qa5 12. f3 Rfc8 13. b3 a6 14. Na4 Qxd2+
15. Kxd2 Nd7 16. g4 f6 17. Be3 f5 18. exf5 gxf5 19. h3 Rf8 20. f4 Rad8 21. Nc3
Nc5 22. Bf3 Bd7 23. b4 Bxc3+ 24. Kxc3 Ne4+ 25. Kb2 Bc6 26. Rhg1 Nf6 27. Be2
fxg4 28. hxg4 h6 29. f5 Kg7 30. Rg3 Rh8 31. Rcg1 Be4 32. Bd4 Kf7 33. Re3 Bc6
34. Kb3 Rb8 35. a4 Rhg8 36. b5 Bd7 37. Re1 Kf8 38. Bxf6 exf6 39. Bf3 axb5 40.
axb5 b6 41. Ra1 h5 42. Ra7 hxg4 43. Bc6 Bxc6 44. Rh7 Bf3 45. Ree7 d5 46. Rhf7#
1-0

[Event "FRA Team Ch"]
[Site "Noyon"]
[Date "2001.02.03"]
[Round "2.2"]
[White "Lautier, Joel"]
[Black "Winants, Luc"]
[Result "1-0"]
[WhiteElo "2658"]
[BlackElo "2515"]
[Annotator "Clichy-Cappelle"]
[PlyCount "61"]
[EventDate "2001.02.??"]

1. d4 Nf6 2. c4 e6 3. Nc3 Bb4 4. e3 c5 5. Nge2 cxd4 6. exd4 O-O 7. a3 Be7 8.
Nf4 d5 9. cxd5 Nxd5 10. Ncxd5 exd5 11. Bd3 Nc6 12. O-O Bg5 13. Re1 h6 14. Bc2
Qd6 15. g3 Bd8 16. Nh5 g5 17. Qd3 Qg6 18. Qd1 Qd6 19. b4 a6 20. Bb2 Bh3 21. g4
Bc7 22. Re5 f5 23. Bxf5 Rxf5 24. gxf5 Bxf5 25. Qf3 Nxe5 26. dxe5 Qe6 27. Nf6+
Kh8 28. Nxd5 Bd8 29. Ne3 Bh3 30. Qxb7 Rc8 31. Rd1 1-0

[Event "FRA Team Ch"]
[Site "Noyon"]
[Date "2001.02.03"]
[Round "2.3"]
[White "Degraeve, Jean-Marc"]
[Black "Nataf, Igor-Alexandre"]
[Result "1-0"]
[WhiteElo "2589"]
[BlackElo "2552"]
[Annotator "Cappelle-Clichy"]
[PlyCount "87"]
[EventDate "2001.02.??"]

1. e4 c5 2. Nc3 Nc6 3. f4 g6 4. Nf3 Bg7 5. Bb5 Nd4 6. O-O a6 7. Bd3 d6 8. Nxd4
cxd4 9. Ne2 Nf6 10. c3 dxc3 11. dxc3 O-O 12. Kh1 b5 13. Nd4 Bb7 14. Qe2 Nd7 15.
Nb3 e5 16. f5 d5 17. Be3 dxe4 18. Bc2 Bd5 19. Rfd1 Bxb3 20. axb3 gxf5 21. Qh5
Nf6 22. Qxf5 Qc8 23. Qxc8 Raxc8 24. h3 Nh5 25. g4 Ng3+ 26. Kg2 f5 27. Bf2 f4
28. Bxg3 fxg3 29. Bxe4 Rf2+ 30. Kxg3 Rxb2 31. Rxa6 Rxc3+ 32. Kh4 Rf2 33. Rd8+
Rf8 34. Rd7 Bf6+ 35. g5 Bg7 36. Bd5+ Kh8 37. Be6 Rcc8 38. Raa7 Rce8 39. Bd5 Rd8
40. Rxg7 Rxd5 41. Rxh7+ Kg8 42. Kh5 Rd3 43. h4 Rh3 44. Rhe7 1-0

[Event "FRA Team Ch"]
[Site "Noyon"]
[Date "2001.02.03"]
[Round "2.4"]
[White "Hebden, Mark"]
[Black "Carlier, Bruno"]
[Result "1/2-1/2"]
[WhiteElo "2522"]
[BlackElo "2392"]
[Annotator "Clichy - Cappelle"]
[PlyCount "82"]
[EventDate "2001.02.??"]

1. d4 g6 2. e4 Bg7 3. Nf3 d6 4. Nc3 Nf6 5. Be3 O-O 6. Qd2 e5 7. O-O-O Qe7 8.
dxe5 dxe5 9. Nd5 Nxd5 10. Qxd5 Nd7 11. Qa5 b6 12. Qa4 Nf6 13. Bb5 Bb7 14. Bc6
Bxc6 15. Qxc6 Qe8 16. Qxe8 Rfxe8 17. Nd2 Ng4 18. Nc4 Rad8 19. Kb1 Kf8 20. a4
Nxe3 21. fxe3 Ke7 22. Rd3 Rxd3 23. cxd3 Rd8 24. Kc2 h5 25. b4 a6 26. Kd2 Ke6
27. Rc1 Bf8 28. Kc3 f5 29. exf5+ gxf5 30. g3 Be7 31. Rb1 Bf6 32. Kc2 Bg5 33. b5
axb5 34. Rxb5 Rd5 35. Rb1 Rc5 36. Kd2 e4 37. Ke2 exd3+ 38. Kxd3 Rd5+ 39. Ke2
Rc5 40. Kd3 Rd5+ 41. Ke2 Rc5 1/2-1/2